| Tag |
First Indicator |
Second Indicator |
Subfields |
| LEADER |
00000cam a2200000 a 4500 |
| 001 |
in00000087991 |
| 005 |
20151008064942.0 |
| 008 |
811106s1979 azua bc 00010 eng |
| 010 |
|
|
|a 81171416
|
| 035 |
|
|
|a (OCoLC)07978924
|
| 035 |
|
|
|9 AAK5090AM
|
| 039 |
0 |
|
|a 2
|b 3
|c 3
|d 3
|e 3
|
| 040 |
|
|
|a DLC
|c DLC
|d TXA
|d UtOrBLW
|
| 043 |
|
|
|a ncgt---
|
| 049 |
|
|
|a TXAM
|c [1561125]
|
| 050 |
0 |
0 |
|a GT639
|b .D53
|
| 082 |
0 |
|
|a 391/.0097281/074013
|2 19
|
| 100 |
1 |
|
|a Dieterich, Mary G.
|
| 245 |
1 |
0 |
|a Guatemalan costumes :
|b the Heard Museum collection /
|c text by Mary G. Dieterich, Jon T. Erickson, Erin Younger ; prepared in coordination with an exhibition by the Heard Museum, April 28, 1979.
|
| 264 |
|
1 |
|a Phoenix, Ariz. :
|b The Museum,
|c [1979]
|
| 264 |
|
4 |
|c ©1979
|
| 300 |
|
|
|a 95 pages :
|b illustrations (some color) ;
|c 28 cm.
|
| 336 |
|
|
|a text
|b txt
|2 rdacontent
|
| 337 |
|
|
|a unmediated
|b n
|2 rdamedia
|
| 338 |
|
|
|a volume
|b nc
|2 rdacarrier
|
| 504 |
|
|
|a Bibliography: pages 94-95.
|
| 650 |
|
0 |
|a Costume
|z Guatemala
|x Exhibitions.
|
| 650 |
|
0 |
|a Textile fabrics
|z Guatemala
|x Exhibitions.
|
| 650 |
|
0 |
|a Decoration and ornament
|z Guatemala
|x Exhibitions.
|
| 700 |
1 |
|
|a Erickson, Jon T.
|
| 700 |
1 |
|
|a Younger, Erin.
|
| 710 |
2 |
|
|a Heard Museum of Anthropology and Primitive Art.
|
| 999 |
|
|
|a MARS
|
| 999 |
f |
f |
|s 5aa2c7b5-48b5-3f7d-9436-a70334f9142f
|i 7a2effac-823d-3114-879c-e22975131eca
|t 0
|
| 952 |
f |
f |
|p ric
|a Texas A&M University
|b Rellis Campus
|c Joint Library Facility
|d Remote Storage
|t 0
|e GT639 .D53
|h Library of Congress classification
|i unmediated -- volume
|m A14806115046
|
| 998 |
f |
f |
|a GT639 .D53
|t 0
|l Remote Storage
|